ARRUPE JESUIT UNIVERSITY

CORONAVIRUS -STOP THE SPREAD - CLEAN,DISINFECT,COVER

Newton on Matter and activity (Record no. 122465)

MARC details
000 -LEADER
fixed length control field 00549nam a22001697a 4500
008 - FIXED-LENGTH DATA ELEMENTS--GENERAL INFORMATION
fixed length control field 150318b xxu||||| |||| 00| 0 eng d
020 ## - INTERNATIONAL STANDARD BOOK NUMBER
International Standard Book Number 0268013438
050 ## - LIBRARY OF CONGRESS CALL NUMBER
Classification number QC171.2.M3
100 ## - MAIN ENTRY--PERSONAL NAME
Personal name McMullin, E.
9 (RLIN) 16422
245 ## - TITLE STATEMENT
Title Newton on Matter and activity
Statement of responsibility, etc /by Ernan McMullin
260 ## - PUBLICATION, DISTRIBUTION, ETC. (IMPRINT)
Place of publication, distribution, etc London
Name of publisher, distributor, etc University of Notre dame Press
Date of publication, distribution, etc 1978
300 ## - PHYSICAL DESCRIPTION
Extent viii, 160p. ;
Dimensions 21cm.
650 ## - SUBJECT ADDED ENTRY--TOPICAL TERM
Topical term or geographic name as entry element Matter
General subdivision History
-- Sources
9 (RLIN) 16423
650 ## - SUBJECT ADDED ENTRY--TOPICAL TERM
Topical term or geographic name as entry element Newton, Isaac, Sir, 1642-1727
9 (RLIN) 16414
650 ## - SUBJECT ADDED ENTRY--TOPICAL TERM
Topical term or geographic name as entry element Motion
General subdivision History
-- Sources
9 (RLIN) 16424
942 ## - ADDED ENTRY ELEMENTS (KOHA)
Source of classification or shelving scheme Library of Congress Classification
Item type Monograph ( Printed materials)
Holdings
Withdrawn status Lost status Source of classification or shelving scheme Damaged status Not for loan Collection code Home library Current library Shelving location Date acquired Total Checkouts Full call number Barcode Date last seen Price effective from Koha item type
    Library of Congress Classification     Main Collection ARRUPE LIBRARY ARRUPE LIBRARY Main Collection 18/03/2015   QC171.2.M3 46500000456 02/07/2019 18/03/2015 Monograph ( Printed materials)

 

Arrupe Library. PO Box MP320 Mt Pleasant, Harare, Zimbabwe
263 242 745411|librarian@aju.ac.zw